<?xml version="1.0" encoding="UTF-8"?>
<record
    xmlns:xsi="http://www.w3.org/2001/XMLSchema-instance"
    xsi:schemaLocation="http://www.loc.gov/MARC21/slim http://www.loc.gov/standards/marcxml/schema/MARC21slim.xsd"
    xmlns="http://www.loc.gov/MARC21/slim">

  <leader>00401    a2200121   4500</leader>
  <controlfield tag="001">ART_50787</controlfield>
  <controlfield tag="005">20260410162043.0</controlfield>
  <controlfield tag="008">260409a                                 </controlfield>
  <datafield tag="245" ind1="1" ind2="0">
    <subfield code="a">Ejercicio AXI SA</subfield>
  </datafield>
  <datafield tag="653" ind1=" " ind2=" ">
    <subfield code="a">Se analiza un caso de aplicaci&#xF3;n pr&#xE1;ctica del c&#xE1;lculo del ajuste por inflaci&#xF3;n impositivo</subfield>
  </datafield>
  <datafield tag="100" ind1="1" ind2=" ">
    <subfield code="a">Amaro G&#xF3;mez, Richard L.</subfield>
  </datafield>
  <datafield tag="773" ind1="0" ind2=" ">
    <subfield code="t">Impuestos</subfield>
    <subfield code="g">- N&#xB0; 71 (mar. 2020)</subfield>
    <subfield code="w">REV45175</subfield>
  </datafield>
  <datafield tag="999" ind1=" " ind2=" ">
    <subfield code="c">35126</subfield>
    <subfield code="d">35126</subfield>
  </datafield>
</record>
